Political development in India (Record no. 517034)

000 -LEADER
fixed length control field 00242nam a22000977a 4500
082 ## - DEWEY DECIMAL CLASSIFICATION NUMBER
Classification number F50841x54 D44
100 ## - MAIN ENTRY--PERSONAL NAME
Personal name Das, B.C.
9 (RLIN) 24235
245 ## - TITLE STATEMENT
Title Political development in India
Statement of responsibility, etc By B.C. Das
260 ## - PUBLICATION, DISTRIBUTION, ETC. (IMPRINT)
Place of publication, distribution, etc New Delhi
Name of publisher, distributor, etc Ashish
Date of publication, distribution, etc 1978
300 ## - PHYSICAL DESCRIPTION
Extent 392p.
Holdings
Withdrawn status Lost status Source of classification or shelving scheme Damaged status Koha normalized classification for sorting Not for loan Permanent location Current location Date acquired Full call number Barcode Date last seen Price effective from Koha item type
        F_50841X54_D44   Indian Institute of Public Administration Indian Institute of Public Administration 2021-06-18 F50841x54 D44 gr23586 2021-06-18 2021-06-18 GR

Powered by Koha